000 02732nam a2200217Ia 4500
003 OSt
005 20250612144046.0
008 210210b1984 xxu||||| |||| 00| 0 eng d
040 _cAL
041 _aKannada
082 _aK894.301 SHRK
100 _aSHRINIVASA HAVANURA
_dಶ್ರೀನಿವಾಸ ಹಾವನೂರ
_9214646
245 _aKumudini hagu itara kadamkathanagalu
_bಕುಮುದಿನಿ ಹಾಗೂ ಇತರ ಕಾದಂ-ಕಥನಗಳು
260 _aDharavada
_bAnanya Prakashana
_c1984
300 _a152
520 _aಕೆಲವು ವಿಶ್ವವಿಖ್ಯಾತ ಕಾದಂಬರಿಗಳ ಸಾರಸರ್ವಸ್ವ ಒಳಗೊಂಡ ಕೃತಿ ‘ಕುಮುದಿನಿ ಹಾಗೂ ಇತರ ಕಾದಂ-ಕಥನಗಳು’ ಈ ಕೃತಿ ಲೇಖಕ ಶ್ರೀನಿವಾಸ ಹಾವನೂರ ಕಾದಂಕಥನಗಳ ದ್ವಿತೀಯ ಸಂಗ್ರಹ. ಮೊದಲನೆಯದಾದ ಮಾತಂಗಿ ಮತ್ತು ಇತರೆ..ಸಂಗ್ರಹಕ್ಕೆ (1982)ದೊರೆತ ಯಶಸ್ಸಿನ ಪ್ರೇರೇಪಣೆಯಿಂದ ಈ ಕೃತಿ ರಚಿಸಿರುವುದಾಗಿ ತಿಳಿಸಿದ್ದಾರೆ. ಇದು ಕಾದಂಬರಿಯ ಡೈಜೆಸ್ಟ್ ಅಥವಾ ಸಾರಾಂಶವಲ್ಲ. ಇಂಗ್ಲಿಶ್ ನಲ್ಲಿಯ ಮ್ಯಾಕ್ಮಿಸನ್ ಸೀರೀಜ್ ನಂತೆ ಎಳೆಯರಿಗಾಗಿ ಬರೆದ ಕಥಾಸಾರವಲ್ಲ. ಬದಲಾಗಿ ಕಾದಂಬರಿಯೊಂದರ ಕತೆಯ ಮೆಯ್ಗಿಡಲೀಯದೆ ಅದರ ಕೆಲವು ಹೃದ್ಯವಾದ ಸನ್ನಿವೇಶಗಳನ್ನು ಯಥಾವತ್ತಾಗಿ ಕೊಡುತ್ತ. ಆ ಮೂಲಕ ಹೇಳಲಾದ ಕಥನವಿದು. ಕಾದಂಬರಿ ಕನ್ನಡದ್ದೇ ಇದ್ದಾರ, ಕಾದಂಬರಿಕಾರನ ನುಡಿಗಟ್ಟನ್ನು ಚಾಚೂ ತಪ್ಪದಂತೆ ಉಳಿಸಿಕೊಳ್ಳಬಹುದು. ಅದರಿಂದ ಮೂಲ ಕೃತಿಯನ್ನೇ ಸಂಕ್ಷೇಪದಲ್ಲಿ ಓದಿದಂತಾಗಿ ರಸಾನುಭವ ಪಡೆಯುವುದು ಸಾಧ್ಯ. ಜಗತ್ಪ್ರಸಿದ್ಧವಾದ ಸರ್ವೋತ್ಕೃಷ್ಟ ಕಾದಂಬರಿಗಳನ್ನು ಇಷ್ಟೊಂದು ಸುಲಭ-ಸರಳವಾದ ರೀತಿಯಲ್ಲಿ ಪರಿಚಯಿಸಿಕೊಳ್ಳುವ ಮಾರ್ಗ ಬೇರೊಂದಿಲ್ಲ ಎಂದಿದ್ದಾರೆ ಶ್ರೀನಿವಾಸ ಹಾವನೂರು
650 _aSanna kategalu
_9214647
690 _aKannada Fiction
_9214648
906 _a047927
942 _2ddc
_cBK
999 _c97039
_d97039